[Event "AUTO-INT-2653"]
[Site "http://www.queenalice.com/game.php?id=1188962"]
[Date "2013.6.7"]
[Round "1"]
[White "gms8"]
[Black "lafayete2000"]
[Result "1-0"]
[WhiteElo "1560"]
[BlackElo "1509"]

1. e3 e5 2. Qf3 Nc6 3. Bc4 d5 4. Bxd5 Qf6 5. Qe4 Bf5 6. Qc4 O-O-O 7. Nc3 Nge7 8.
Bxf7 Na5 9. Qc5 b6 10. Qb5 c6 11. Qa6+ Nb7 12. Bc4 Bxc2 13. d3 e4 14. Nxe4 1-0

[Event "AUTO-INT-2653"]
[Site "http://www.queenalice.com/game.php?id=1188963"]
[Date "2013.6.7"]
[Round "1"]
[White "lafayete2000"]
[Black "gms8"]
[Result "0-1"]
[WhiteElo "1524"]
[BlackElo "1545"]

1. e4 d5 2. exd5 Qxd5 3. Nc3 Qe5+ 4. Nge2 Bg4 5. f3 Bd7 6. d4 Qf6 7. h4 e6 8.
Bg5 Qf5 9. Ng3 Qa5 10. a3 Bd6 11. b4 Qb6 12. Nge4 Nc6 13. Nxd6+ cxd6 0-1

[Event "AUTO-INT-2598"]
[Site "http://www.queenalice.com/game.php?id=1189526"]
[Date "2013.6.10"]
[Round "2"]
[White "LeandroSouza"]
[Black "gms8"]
[Result "0-1"]
[WhiteElo "1656"]
[BlackElo "1554"]

1. e4 d5 2. Bb5+ c6 3. Bd3 dxe4 4. Bxe4 h5 5. d4 Bg4 6. Bf3 Qa5+ 7. Bd2 Qb5 8.
b3 e5 9. Bxg4 hxg4 10. Qxg4 exd4 11. Qe4+ Be7 12. Qxd4 Nd7 13. c4 Qf5 14. Qxg7
Bf6 15. g4 Qe6+ 16. Be3 Bxg7 17. h3 Bxa1 18. Nf3 Qe4 19. Nbd2 Bc3 20. Ke2 Qc2
21. Bd4 Bxd4 22. Nxd4 Qxa2 23. Nf5 O-O-O 24. Nd6+ Kc7 25. Nxf7 Ne5 26. Nxh8
Qxd2+ 27. Kf1 Qd1+ 28. Kg2 Qf3+ 29. Kg1 Rd1+ 30. Kh2 Qxf2# 0-1

[Event "AUTO-INT-2598"]
[Site "http://www.queenalice.com/game.php?id=1189527"]
[Date "2013.6.10"]
[Round "2"]
[White "gms8"]
[Black "LeandroSouza"]
[Result "0-1"]
[WhiteElo "1574"]
[BlackElo "1631"]

1. d4 d5 2. Nf3 Bg4 3. Ne5 Bf5 4. e3 f6 5. Bb5+ c6 6. Qh5+ g6 7. Qe2 fxe5 8. Bd3
Qa5+ 9. c3 Nd7 10. Nd2 O-O-O 11. b4 Qc7 12. Nf3 exd4 13. exd4 Bxd3 14. Qxd3 Ngf6
15. Ng5 Ne5 16. Qh3+ Neg4 17. Nf7 Bg7 18. Nxh8 Rxh8 19. g3 e5 20. f4 exd4 21.
cxd4 h5 22. Bd2 Re8+ 23. Kd1 Kb8 24. Re1 Nf2+ 25. Kc1 Nxh3 26. Be3 Ne4 27. Kc2
Qb6 28. a3 Bxd4 29. Bxd4 Qxd4 30. Red1 Qc3+ 31. Kb1 Nd2+ 32. Rxd2 Qxd2 33. Ra2
Re1# 0-1

[Event "AUTO-INT-2598"]
[Site "http://www.queenalice.com/game.php?id=1189530"]
[Date "2013.6.10"]
[Round "2"]
[White "rafael_100000"]
[Black "gms8"]
[Result "0-1"]
[WhiteElo "1745"]
[BlackElo "1520"]

1. e4 d5 2. e5 Nc6 3. d4 Bf5 4. Bb5 Qd7 5. Nf3 O-O-O 6. Nc3 f6 7. O-O Qe6 8.
Bxc6 Qxc6 9. Be3 Be4 10. Nd2 fxe5 11. dxe5 Qg6 12. Ncxe4 dxe4 13. Bxa7 Nh6 14.
Qc1 Nf5 15. Nxe4 b6 16. Nc3 Nd4 17. Qe3 Nxc2 18. Qc1 Nxa1 19. Nb5 Nc2 20. Rd1
Rxd1+ 21. Qxd1 e6 22. h3 Bc5 23. Qf3 Ne1 24. Qc6 Qxg2+ 25. Qxg2 Nxg2 26. Kxg2
Rf8 27. f3 Rf4 28. a3 Kb7 29. b4 Be3 30. Bxb6 Kxb6 31. Nc3 Bd2 32. Ne2 Rf8 33.
Nd4 Re8 34. Nb3 Bc3 35. Nc5 Kb5 36. h4 Bxe5 37. Nd7 Bb2 38. Nc5 Bxa3 39. Nb3
Kxb4 40. Nd4 Bb2 41. Nc2+ Kc3 42. Ne3 Bc1 43. Nd1+ Kc2 44. Nf2 c5 45. Ne4 Rc8
46. Nd6 Rc6 47. Nb7 e5 48. h5 c4 49. Na5 Rc7 50. h6 Bxh6 51. f4 exf4 52. Kf3 c3
53. Ke2 Kb1 54. Nb3 Rb7 55. Nc5 Rb2+ 56. Kd3 c2 0-1

[Event "AUTO-INT-2598"]
[Site "http://www.queenalice.com/game.php?id=1189531"]
[Date "2013.6.10"]
[Round "2"]
[White "gms8"]
[Black "rafael_100000"]
[Result "0-1"]
[WhiteElo "1596"]
[BlackElo "1637"]

1. c4 e5 2. d3 Nf6 3. Bg5 Be7 4. Nf3 d6 5. h3 e4 6. dxe4 Nxe4 7. Bxe7 Qxe7 8.
Qd4 Nf6 9. Nbd2 O-O 10. O-O-O c5 11. Qc3 Bf5 12. g4 Bg6 13. g5 Ne4 14. Nxe4 Qxe4
15. Rd2 Qb1# 0-1

[Event "AUTO-INT-2598"]
[Site "http://www.queenalice.com/game.php?id=1189534"]
[Date "2013.6.10"]
[Round "2"]
[White "gms8"]
[Black "Herbert_Paulo"]
[Result "0-1"]
[WhiteElo "1529"]
[BlackElo "1710"]

1. c4 e5 2. d3 Nf6 3. Nf3 d6 4. Qa4+ Bd7 5. Qd1 Be7 6. g3 O-O 7. Nc3 Nc6 8. Qb3
Nd4 9. Nxd4 exd4 10. Ne4 Bc6 11. Nxf6+ Bxf6 12. f3 Re8 13. Bf4 Bg5 14. h4 Bf6
15. O-O-O Qd7 16. Bh3 Qe7 17. Rhe1 a5 18. a4 Be5 19. Bxe5 dxe5 20. f4 Qb4 21.
Qxb4 axb4 22. b3 e4 23. dxe4 Rxe4 24. Bf5 Re3 25. Rxd4 Rxb3 26. e3 Bxa4 27. Bd7
Bxd7 28. Rxd7 h6 29. Kc2 Rc3+ 30. Kb2 Raa3 31. Rd8+ Kh7 32. Ra1 Rab3+ 33. Ka2
Rxe3 34. Rd2 Rxg3 35. Rb2 Ra3+ 36. Kb1 Rg1+ 37. Kc2 Raxa1 38. Rxb4 b6 0-1

[Event "AUTO-INT-2598"]
[Site "http://www.queenalice.com/game.php?id=1189535"]
[Date "2013.6.10"]
[Round "2"]
[White "Herbert_Paulo"]
[Black "gms8"]
[Result "1-0"]
[WhiteElo "1701"]
[BlackElo "1538"]

1. e4 d5 2. exd5 Qxd5 3. Nc3 Qe5+ 4. Be2 Bg4 5. d4 Qe6 6. Be3 h5 7. Nf3 Nd7 8.
Qd3 O-O-O 9. O-O-O Ngf6 10. Ng5 Qf5 11. Nxf7 Qxd3 12. Rxd3 Bxe2 13. Nxe2 Rg8 14.
Nxd8 Kxd8 15. Rhd1 g5 16. Nc3 g4 17. d5 c6 18. dxc6 bxc6 19. Bxa7 Ke8 20. Ne4
Nxe4 21. Rxd7 Nxf2 22. Rd8+ Kf7 23. Rf1 g3 24. hxg3 Bh6+ 25. Kb1 Rxd8 26. Rxf2+
Kg8 27. a3 Rd1+ 28. Ka2 e5 29. Rf6 Bg7 30. Rxc6 e4 31. Re6 Re1 32. b4 Ra1+ 33.
Kb3 Re1 34. b5 e3 35. Rxe3 Rxe3+ 36. Bxe3 Be5 37. Bf4 Bxf4 38. gxf4 1-0

[Event "mesa 15"]
[Site "http://www.queenalice.com/game.php?id=1209043"]
[Date "2013.8.17"]
[Round "-"]
[White "Herbert_Paulo"]
[Black "gms8"]
[Result "1-0"]
[WhiteElo "1820"]
[BlackElo "1582"]

1. e4 d5 2. exd5 Qxd5 3. Nc3 Qe5+ 4. Be2 Nc6 5. Nf3 Qf5 6. O-O e5 7. Re1 f6 8.
d3 Bc5 9. Ne4 Bb6 10. Nh4 Qe6 11. h3 Bd7 12. Bg4 Qe7 13. Bxd7+ Qxd7 14. Qh5+ g6
15. Nxg6 O-O-O 16. Nxh8 Qd4 17. Be3 Qxb2 18. Bxb6 cxb6 19. Qxh7 Qxc2 20. Nf7 Rf8
21. Nfd6+ Kd8 22. Qxb7 Nce7 23. Rac1 Qxd3 24. Qc7# 1-0

[Event "AUTO-INT-2709"]
[Site "http://www.queenalice.com/game.php?id=1210693"]
[Date "2013.8.23"]
[Round "1"]
[White "gms8"]
[Black "dimitridruloza2012"]
[Result "1-0"]
[WhiteElo "1570"]
[BlackElo "1639"]

1. h4 e5 2. d4 f6 3. dxe5 fxe5 4. Nc3 Bb4 5. Bg5 Be7 6. Nf3 d6 7. Nd5 Bxg5 8.
hxg5 Bg4 9. g6 Nh6 10. Nh4 Nc6 11. Qd3 Qd7 12. f4 O-O-O 13. fxe5 Nxe5 14. Qe4
Qb5 15. Ne7+ Kb8 16. gxh7 Rde8 17. Neg6 Rxh7 18. O-O-O Nd3+ 19. Qxd3 Qa5 20. a3
Bf5 21. Nxf5 Nxf5 22. Rxh7 a6 23. g4 Re3 24. Qc4 b5 25. Rh8+ Ka7 26. Qd5 Re5 27.
Qa8+ Kb6 28. Bg2 d5 29. b4 Qxa3+ 30. Kb1 Qxb4+ 31. Kc1 Qxg4 32. Nxe5 Qxg2 33.
Qc6+ Ka5 34. Ra8 Qxe2 35. Qxa6+ Kb4 36. Qa3# 1-0

[Event "AUTO-INT-2709"]
[Site "http://www.queenalice.com/game.php?id=1210694"]
[Date "2013.8.23"]
[Round "1"]
[White "dimitridruloza2012"]
[Black "gms8"]
[Result "1-0"]
[WhiteElo "1675"]
[BlackElo "1582"]

1. d4 e6 2. e3 d5 3. Nc3 Bd7 4. e4 Bb4 5. Nf3 dxe4 6. Ne5 Ba4 7. Qe2 Qxd4 8. Bf4
Nf6 9. g3 Nd5 10. Rd1 Bxc3+ 11. bxc3 Qxc3+ 12. Rd2 Bxc2 13. Qb5+ Nc6 14. Qxb7
Qa1+ 15. Ke2 Nc3+ 16. Ke3 Qe1+ 17. Be2 Rd8 18. Qxc6+ Ke7 19. Qxc7+ Kf6 20. Qxf7#
1-0

[Event "AUTO-INT-2709"]
[Site "http://www.queenalice.com/game.php?id=1210695"]
[Date "2013.8.23"]
[Round "1"]
[White "gms8"]
[Black "Narizinho"]
[Result "1-0"]
[WhiteElo "1589"]
[BlackElo "1220"]

1. h4 Nf6 2. d3 d5 3. Bg5 e6 4. e3 Be7 5. Nf3 O-O 6. Nbd2 Nc6 7. c4 Bb4 8. cxd5
exd5 9. Bxf6 Qxf6 10. d4 b5 11. Bxb5 Bd7 12. Ne5 Qe6 13. Qa4 Nxe5 14. Qxb4 Bxb5
15. Qxb5 a6 16. Qb7 Qd7 17. dxe5 Qe6 18. Qxc7 a5 19. Rc1 Qxe5 20. Qxe5 a4 21.
Qxd5 a3 22. bxa3 Rxa3 23. h5 g6 24. g4 Ra7 25. Ne4 gxh5 26. Rxh5 Re7 27. Nf6+
Kh8 28. Rxh7# 1-0

[Event "AUTO-INT-2709"]
[Site "http://www.queenalice.com/game.php?id=1210696"]
[Date "2013.8.23"]
[Round "1"]
[White "Narizinho"]
[Black "gms8"]
[Result "0-1"]
[WhiteElo "1323"]
[BlackElo "1576"]

1. e4 d5 2. exd5 Qxd5 3. Nc3 Qe5+ 4. Nce2 Nc6 5. Nf3 Qh5 6. Nc3 Bg4 7. Be2 O-O-O
8. O-O Bxf3 9. gxf3 e6 10. a3 Bd6 11. b4 Qxh2# 0-1

[Event "AUTO-INT-2709"]
[Site "http://www.queenalice.com/game.php?id=1210697"]
[Date "2013.8.23"]
[Round "1"]
[White "gms8"]
[Black "kykobr"]
[Result "1-0"]
[WhiteElo "1557"]
[BlackElo "1649"]

1. h4 e5 2. d4 exd4 3. Qxd4 Nc6 4. Qe4+ Be7 5. Bg5 f6 6. Bd2 d5 7. Qa4 Bd7 8. e4
Ne5 9. Qb3 Bc6 10. exd5 Bxd5 11. Qb5+ Bc6 12. Qe2 Qd4 13. Nc3 Bc5 14. O-O-O
O-O-O 15. Be3 Qc4 16. Bxc5 Rxd1+ 17. Qxd1 Qxc5 18. f3 Ne7 19. Nh3 Rd8 20. Bd3
Nxd3+ 21. cxd3 Qe3+ 22. Qd2 Rxd3 23. Qxe3 Rxe3 24. Nf4 Nf5 25. Ne4 Bxe4 26. fxe4
Rxe4 27. Nd5 Ng3 28. Rh3 Nf5 29. h5 Rh4 30. Ne7+ Nxe7 31. Rxh4 h6 32. Re4 Kd7
33. b4 Nf5 34. Rg4 Ke6 35. Kb2 Kf7 36. b5 Ne3 37. Rg3 Nf5 38. Rc3 Nd4 39. Rxc7+
Kf8 40. Rxb7 f5 41. a4 f4 42. Rxa7 1-0

[Event "AUTO-INT-2709"]
[Site "http://www.queenalice.com/game.php?id=1210698"]
[Date "2013.8.23"]
[Round "1"]
[White "kykobr"]
[Black "gms8"]
[Result "1-0"]
[WhiteElo "1626"]
[BlackElo "1582"]

1. e4 d5 2. exd5 Qxd5 3. Nc3 Qe5+ 4. Be2 Nc6 5. Nf3 Qd6 6. O-O Qh6 7. d3 Qh5 8.
d4 Nb4 9. a3 Nd5 10. Ne5 Qf5 11. Nxd5 Kd8 12. Bg4 Qe4 13. Bxc8 Qxd5 14. c4 Qe4
15. Nxf7+ Kxc8 16. Re1 Qf5 17. Nxh8 e6 18. d5 Bc5 19. Be3 Bxe3 20. Rxe3 Kd7 21.
dxe6+ Ke8 22. Qd7+ Kf8 23. e7+ Nxe7 24. Rxe7 Qxd7 25. Rxd7 Rc8 26. Rad1 Re8 27.
Rxc7 Rb8 28. Nf7 a6 29. Rdd7 Re8 30. h3 Re1+ 31. Kh2 g6 32. Nh6 Ke8 33. Rxh7 Kd8
34. Rxb7 Kc8 35. Rbg7 Re2 36. Rh8+ Re8 37. Rxe8# 1-0